000 00379cam a22001217a 4500
008 180718b1960 xxu||||| |||| 00| 0 eng d
082 _aB19x54 In2s
100 _aJagannadham, V.
245 _aSocial and cultural adaptation in India
_cby V. Jagannadham
260 _aNew Delhi
_bIndian Institute of Public Administration
_c1960
300 _a20p.
650 _aSocial Change - India.
999 _c475905
_d475905